000 01648cam a22004694i 4500
003 PE-LiUPU
005 20250731173153.0
008 150623s r 000 0 d
020 _a0800634772
035 _a(Sirsi) i9780800634773
040 _aPE-LiUPU
_bspa
_cPE-LiUPU
_erda
049 _aPRUA
082 0 4 _a215
_bB23
_221
100 1 _aBarbour, Ian G.,
_eautor.
245 1 0 _aNature, Human nature, and God /
_cIan G. Barbour.
264 1 _aMinneapolis, MN :
_bFortress Press,
_c2002.
300 _a170 páginas ;
_c23 centímetros
336 _atext
_2rdacontent
337 _aunmediated
_2rdamedia
338 _avolume
_2rdacarrier
490 0 _aTheology and The Sciences
504 _aIncluye bibliografía.
505 0 _aGod and evolution. Evolution, genetics, and human nature. Neuroscience, artificial intelligence, and human nature. God and nature: a process view. Theology, ethics, and the environment.
526 _aSEG42
526 _aSEG41
526 _aSEG40
526 _aSEG39
526 _aP94
526 _aP87
526 _aP86
526 _aP85
526 _aP77
526 _aP76
526 _aP35
650 0 4 _aReligión y ciencia.
942 _2ddc
_cBOOK
949 _a215 B23
_wDEWEY
_c1
_i53526
_lCCODEBUL1
_mBUL
_p20.00
_r0
_sY
_tBOOK
_u2015-6-24
_xTEOLOGIA
_PP35
_0COMPRA
_o.STAFF. Colección General
994 _aC0
_bPEPRU
596 _a1
999 _a215 B23
_wDEWEY
_c35537
_i53526
_d35537
_e2019-5-13
_f2021-11-9
_g5
_lCCODEBUL1
_mBUL
_n2
_p20.00
_q1
_r0
_sY
_tBOOK
_u2015-6-24
_xTEOLOGIA
_PP35
_0COMPRA
_o.STAFF. Colección General
980 _81
_gALBERTO SANCHEZ Responsable de Automatización